000 00509nam a22001937a 4500
003 MPLRDC
005 20220105061154.0
008 210129b ||||| |||| 00| 0 eng d
020 _a978-7-5439-5611-7
082 _a413 MJ
100 _a满江、易磊 主编
245 _a易经中的健康密码
_c
250 _a初版一刷
260 _a中国
_b上海科学技术文献出版社
_c2013
300 _b
520 _a新书上架 2018-10-16。
650 _a中国医学
942 _cBK
_o413 MJ
999 _c69893
_d69883